000 00546nam a2200217Ia 4500
003 OSt
005 20220924133322.0
006 a|||||r|||| 00| 0
007 ta
008 220923b |||||||| |||| 00| 0 ara d
024 _a264388
037 _cTextual
040 _aARTS
_cARTS
_bara
041 _2ara
_aara
082 _aO28vN7, M4
100 _aIbrahim Ali
_9206183
245 0 _aTarikh al adab al ghazali fi al asrali fur
260 _c1984
942 _hO28vN7, M4
_cTEXL
_2CC
999 _c433451
_d433451